[Event "Napoli Province-ch"]
[Site "Napoli"]
[Date "2012.12.02"]
[Round "3"]
[White "Trematerra, Massimiliano"]
[Black "Accardo, Francesco"]
[Result "0-1"]
[WhiteElo "1461"]
[BlackElo "1844"]
[PlyCount "58"]
[EventDate "2012.11.22"]
[EventType "swiss"]
[EventRounds "7"]
[EventCountry "ITA"]
[SourceTitle "EXT 2014"]
[Source "ChessBase"]
[SourceDate "2013.11.20"]
[SourceVersion "1"]
[SourceVersionDate "2013.11.20"]
[SourceQuality "1"]

1. d4 b5 2. c4 bxc4 3. e4 Bb7 4. Nd2 Nh6 5. Bxc4 g6 6. Bd3 Bg7 7. Ne2 f5 8. Qc2 Nc6 9. Qc5 d6 10. Qd5 Qd7 11. 0-0 e6 12. Qc4 a5 13. d5 exd5 14. exd5 Ne5 15. Qb3 Nxd3 16. Qxb7 0-0 17. Nf3 Rfb8 18. Qc6 Qe7 19. Bxh6 Bxh6 20. Ned4 Nc5 21. Rfe1 Ne4 22. Nb5 Rc8 23. Rad1 Qf6 24. Nxc7 Qxb2 25. Rb1 Qxf2+ 26. Kh1 Qa7 27. Rb7 Nf2+ 28. Kg1 Nh3+ 29. Kh1 Qg1+ 0-1

[Event "Napoli Porreca Memorial 2nd"]
[Site "Napoli"]
[Date "2012.10.04"]
[Round "3"]
[White "Grasso, Nino"]
[Black "Accardo, Francesco"]
[Result "1-0"]
[WhiteElo "2058"]
[BlackElo "1844"]
[PlyCount "101"]
[EventDate "2012.09.20"]
[EventType "swiss"]
[EventRounds "7"]
[EventCountry "ITA"]
[SourceTitle "EXT 2014"]
[Source "ChessBase"]
[SourceDate "2013.11.20"]
[SourceVersion "1"]
[SourceVersionDate "2013.11.20"]
[SourceQuality "1"]

1. e4 b6 2. d4 Bb7 3. Bd3 g6 4. Nf3 Bg7 5. 0-0 e6 6. Nc3 Ne7 7. Be3 Na6 8. a3 c5 9. Nb5 Nc8 10. c3 0-0 11. Nd2 f5 12. f3 f4 13. Bf2 d5 14. Qe2 c4 15. Bc2 Nb8 16. a4 a6 17. Na3 Bc6 18. b3 b5 19. bxc4 bxc4 20. Rfb1 Re8 21. g3 g5 22. Kh1 Qa5 23. gxf4 Bf8 24. Qe3 Nb6 25. Rg1 h6 26. fxg5 h5 27. g6 dxe4 28. fxe4 Bg7 29. Rg5 e5 30. d5 Nxd5 31. exd5 Bxd5+ 32. Be4 Bh6 33. Qf3 Bxe4 34. Nxe4 Rf8 35. Nf6+ Kg7 36. Nxh5+ Kg8 37. Rf5 Nd7 38. Nf6+ Nxf6 39. Rxf6 Bg7 40. Rf7 Rac8 41. Rd1 Rcd8 42. Qh5 Rxd1+ 43. Qxd1 Qxc3 44. Rxf8+ Bxf8 45. Qd5+ Kh8 46. Nxc4 Qc1+ 47. Bg1 e4 48. Qe5+ Kg8 49. Qe6+ Kh8 50. Qf6+ Bg7 51. Qd8+ 1-0

[Event "Napoli Sociale-ch"]
[Site "Napoli"]
[Date "2012.06.07"]
[Round "2"]
[White "Accardo, Francesco"]
[Black "Baltzopoulos, Giorgos"]
[Result "0-1"]
[WhiteElo "1843"]
[BlackElo "1941"]
[PlyCount "64"]
[EventDate "2012.05.31"]
[EventType "swiss"]
[EventRounds "7"]
[EventCountry "ITA"]
[SourceTitle "EXT 2018"]
[Source "ChessBase"]
[SourceDate "2017.10.13"]
[SourceVersion "1"]
[SourceVersionDate "2017.10.13"]
[SourceQuality "1"]

1. g4 d5 2. Bg2 e5 3. d4 e4 4. h3 h5 5. g5 Ne7 6. h4 Nf5 7. c4 c6 8. Nc3 Na6 9. a3 Qd6 10. e3 Be7 11. Nge2 Nc7 12. Nf4 g6 13. c5 Qd8 14. b4 Ne6 15. Nfe2 f6 16. f4 exf3 17. Bxf3 fxg5 18. e4 Nxh4 19. Rxh4 gxh4 20. exd5 cxd5 21. Qd3 Kf7 22. Bxd5 Kg7 23. Bf4 Rf8 24. Be5+ Bf6 25. 0-0-0 Bxe5 26. dxe5 Qg5+ 27. Kb2 Qxe5 28. Kb3 Nf4 29. Nxf4 Rxf4 30. Qb5 Rb8 31. Qa5 a6 32. Qd8 Bg4 0-1

[Event "Napoli Sociale-ch"]
[Site "Napoli"]
[Date "2012.05.31"]
[Round "1"]
[White "Accardo, Francesco"]
[Black "Caporali, Dante"]
[Result "1-0"]
[WhiteElo "1843"]
[BlackElo "1706"]
[PlyCount "81"]
[EventDate "2012.05.31"]
[EventType "swiss"]
[EventRounds "7"]
[EventCountry "ITA"]
[SourceTitle "EXT 2018"]
[Source "ChessBase"]
[SourceDate "2017.10.13"]
[SourceVersion "1"]
[SourceVersionDate "2017.10.13"]
[SourceQuality "1"]

1. g4 d5 2. Bg2 e6 3. h4 Be7 4. h5 h6 5. d3 Nc6 6. Nh3 b6 7. Nc3 Bb7 8. 0-0 Qd7 9. Bd2 0-0-0 10. a4 a6 11. e3 Bf6 12. f4 d4 13. Ne4 Be7 14. Kh1 Nf6 15. Ng3 dxe3 16. Bxe3 Nd5 17. Bg1 Bd6 18. Ne4 Be7 19. Rb1 Nf6 20. Nd2 Na5 21. Rf3 Bxf3 22. Qxf3 Qd5 23. Qe2 Qd7 24. b4 Nc6 25. Nc4 Nd5 26. b5 axb5 27. axb5 Nd4 28. Bxd4 Nxf4 29. Nxf4 Qxd4 30. Qf3 Rd5 31. Nxd5 exd5 32. Qf5+ Kb8 33. Ne5 Kb7 34. Nxf7 Rf8 35. Bxd5+ Kb8 36. Qe4 Qxe4+ 37. dxe4 c6 38. bxc6 Kc7 39. Ra1 Bc5 40. Ra7+ Kb8 41. Rd7 1-0

[Event "Napoli Province-ch 2012"]
[Site "Napoli"]
[Date "2012.01.05"]
[Round "3"]
[White "Solombrino, Giovanni"]
[Black "Accardo, Francesco"]
[Result "0-1"]
[WhiteElo "1850"]
[BlackElo "1855"]
[PlyCount "48"]
[EventDate "2011.12.15"]
[EventType "swiss"]
[EventRounds "7"]
[EventCountry "ITA"]
[SourceTitle "EXT 2018"]
[Source "ChessBase"]
[SourceDate "2017.10.13"]
[SourceVersion "1"]
[SourceVersionDate "2017.10.13"]
[SourceQuality "1"]

1. e4 a6 2. d4 b5 3. Bd3 Bb7 4. Nf3 e6 5. 0-0 Be7 6. Bf4 Nf6 7. e5 Nd5 8. Bg3 h5 9. h4 g5 10. Nxg5 Bxg5 11. hxg5 Qxg5 12. Qd2 Qe7 13. Nc3 h4 14. Nxd5 Bxd5 15. Bh2 Nc6 16. c3 0-0-0 17. a4 Rhg8 18. f3 Na5 19. Ra3 h3 20. g3 Nc4 21. Bxc4 bxc4 22. a5 d6 23. Ra4 dxe5 24. dxe5 Qh4 0-1

[Event "Napoli Province-ch 2012"]
[Site "Napoli"]
[Date "2011.12.22"]
[Round "2"]
[White "Accardo, Francesco"]
[Black "De Rosa, Francesco"]
[Result "0-1"]
[WhiteElo "1855"]
[BlackElo "1968"]
[PlyCount "88"]
[EventDate "2011.12.15"]
[EventType "swiss"]
[EventRounds "7"]
[EventCountry "ITA"]
[SourceTitle "EXT 2018"]
[Source "ChessBase"]
[SourceDate "2017.10.13"]
[SourceVersion "1"]
[SourceVersionDate "2017.10.13"]
[SourceQuality "1"]

1. g4 d5 2. Bg2 c6 3. h3 e5 4. d4 Bd6 5. c4 Be6 6. Nc3 e4 7. Qb3 Qb6 8. Qd1 Qc7 9. a4 Ne7 10. c5 Bf4 11. e3 Bh6 12. h4 g6 13. b4 a6 14. Bb2 Bxe3 15. fxe3 Qg3+ 16. Kf1 Bxg4 17. Qe1 Nf5 18. Bc1 Qc7 19. Nge2 Nd7 20. Qf2 Nf6 21. Qf4 Qxf4+ 22. exf4 Kf8 23. Rh2 Kg7 24. Bb2 Rhe8 25. b5 axb5 26. a5 Ne3+ 27. Kg1 Nc4 28. Bc1 Nxa5 29. Ng3 Nb3 30. Rb1 Nxd4 31. h5 e3 32. Bb2 e2 33. hxg6 fxg6 34. Nxd5 cxd5 35. Bxd4 e1Q+ 36. Rxe1 Rxe1+ 37. Kf2 Re7 38. Be5 Kf7 39. Rh1 Ra2+ 40. Kg1 b4 41. Kh2 Bf3 42. Rg1 Rxg2+ 43. Rxg2 Bxg2 44. Kxg2 Rxe5 0-1

[Event "Napoli Porreca Cup 1st"]
[Site "Napoli"]
[Date "2011.10.06"]
[Round "3"]
[White "Accardo, Francesco"]
[Black "Petteruti, Antonio"]
[Result "1-0"]
[WhiteElo "1855"]
[BlackElo "1721"]
[PlyCount "60"]
[EventDate "2011.09.22"]
[EventType "swiss"]
[EventRounds "7"]
[EventCountry "ITA"]
[SourceTitle "EXT 2018"]
[Source "ChessBase"]
[SourceDate "2017.10.13"]
[SourceVersion "1"]
[SourceVersionDate "2017.10.13"]
[SourceQuality "1"]

1. g4 d5 2. Bg2 e5 3. h3 Bc5 4. d3 Qf6 5. e3 c6 6. h4 Be6 7. Bd2 Qe7 8. c3 Qd7 9. b4 Bd6 10. Bf3 Nf6 11. g5 Ng4 12. c4 e4 13. dxe4 dxe4 14. Bxe4 Bxc4 15. Qc2 Ne5 16. Bc3 h6 17. Nd2 Be6 18. 0-0-0 hxg5 19. h5 Na6 20. Ne2 0-0-0 21. Nd4 Bg4 22. f3 Bxh5 23. Bf5 g6 24. Bxd7+ Nxd7 25. Ne4 Be7 26. b5 cxb5 27. Nxb5 Bxf3 28. Rxh8 Bxd1 29. Rxd8+ Bxd8 30. Kxd1 Nac5 1-0

[Event "Napoli Estate al Vomero op 5th"]
[Site "Napoli"]
[Date "2011.05.19"]
[Round "3"]
[White "Vannini, Aldo"]
[Black "Accardo, Francesco"]
[Result "0-1"]
[WhiteElo "1807"]
[BlackElo "1874"]
[PlyCount "43"]
[EventDate "2011.05.08"]
[EventType "swiss"]
[EventRounds "7"]
[EventCountry "ITA"]
[SourceTitle "EXT 2018"]
[Source "ChessBase"]
[SourceDate "2017.10.13"]
[SourceVersion "1"]
[SourceVersionDate "2017.10.13"]
[SourceQuality "1"]

1. d4 b5 2. e3 Bb7 3. Nd2 g5 4. Nb3 a5 5. Nc5 Qc8 6. Bxb5 Bxg2 7. Nf3 Bxh1 8. Ne5 Nf6 9. Bc4 e6 10. Ng4 Qd8 11. b3 Bxc5 12. dxc5 Nxg4 13. Qxg4 Qf6 14. Rb1 Bf3 15. Qg3 Nc6 16. Bb2 e5 17. Bb5 0-0-0 18. Bxc6 Qxc6 19. Bxe5 Rhe8 20. Bd4 f5 21. Kd2 Rg8 22. c4 0-1

[Event "Napoli Vomero Christmas 6th"]
[Site "Napoli"]
[Date "2010.12.03"]
[Round "5"]
[White "Accardo, Francesco"]
[Black "Bevilacqua, Michele"]
[Result "1-0"]
[WhiteElo "1856"]
[BlackElo "1773"]
[PlyCount "57"]
[EventDate "2010.11.05"]
[EventType "swiss"]
[EventRounds "6"]
[EventCountry "ITA"]
[SourceTitle "EXT 2024"]
[Source "ChessBase"]
[SourceDate "2023.10.10"]
[SourceVersion "1"]
[SourceVersionDate "2023.10.10"]
[SourceQuality "1"]

1. g4 d5 2. Bg2 c6 3. h3 e5 4. d4 e4 5. c4 Bd6 6. Nc3 Be6 7. h4 Nf6 8. g5 Ng4 9. Nh3 h6 10. g6 fxg6 11. Qb3 Qe7 12. c5 Bh2 13. Rxh2 Nxh2 14. Bf4 Ng4 15. 0-0-0 Bc8 16. Qa4 Nd7 17. b4 Kf7 18. b5 Nxc5 19. dxc5 Qxc5 20. Kb2 Bd7 21. Bxe4 cxb5 22. Qb3 Nf6 23. Bxd5+ Nxd5 24. Rxd5 Be6 25. Rd7+ Kf6 26. Ne4+ Kf5 27. Rf7+ Bxf7 28. Qxf7+ Kxe4 29. Qe6+ 1-0

[Event "Napoli Vomero Septembre 7th"]
[Site "Napoli"]
[Date "2010.10.15"]
[Round "6"]
[White "Gallo, Thomas Renato"]
[Black "Accardo, Francesco"]
[Result "1-0"]
[WhiteElo "1863"]
[BlackElo "1870"]
[PlyCount "37"]
[EventDate "2010.09.10"]
[EventType "swiss"]
[EventRounds "7"]
[EventCountry "ITA"]
[SourceTitle "EXT 2024"]
[Source "ChessBase"]
[SourceDate "2023.10.10"]
[SourceVersion "1"]
[SourceVersionDate "2023.10.10"]
[SourceQuality "1"]

1. d4 b5 2. Bf4 Bb7 3. e3 c5 4. dxc5 Nf6 5. Nd2 Na6 6. Ngf3 Qa5 7. c3 Nd5 8. Nb3 Qa4 9. Nfd4 Bc6 10. Nxc6 dxc6 11. Qf3 0-0-0 12. Be2 h5 13. h4 e5 14. Bxe5 Bxc5 15. Bd4 Be7 16. 0-0 Kb7 17. Rfc1 Rd6 18. c4 Nf6 19. cxb5 1-0

[Event "Giugliano op 5th"]
[Site "Giugliano"]
[Date "2010.09.26"]
[Round "4"]
[White "Accardo, Francesco"]
[Black "Ponticelli, Carmine"]
[Result "1-0"]
[WhiteElo "1870"]
[BlackElo "1431"]
[PlyCount "63"]
[EventDate "2010.09.24"]
[EventType "swiss"]
[EventRounds "5"]
[EventCountry "ITA"]
[SourceTitle "EXT 2024"]
[Source "ChessBase"]
[SourceDate "2023.10.10"]
[SourceVersion "1"]
[SourceVersionDate "2023.10.10"]
[SourceQuality "1"]

1. g4 e5 2. Bg2 d5 3. d4 exd4 4. Qxd4 c6 5. Nc3 Be6 6. Bf4 Nd7 7. h3 Ngf6 8. Rb1 Bc5 9. Qd3 d4 10. Nd1 Bxa2 11. Ra1 Be6 12. Nf3 Nd5 13. Bd2 Qb6 14. 0-0 a5 15. c3 dxc3 16. bxc3 N7f6 17. e4 Nc7 18. Ng5 Rd8 19. Qc2 Nb5 20. Nxe6 fxe6 21. Bf4 0-0 22. Qa2 Rxd1 23. Qxe6+ Kh8 24. Raxd1 Nxc3 25. Rd2 Nfxe4 26. Bxe4 Rxf4 27. Bf5 Bf8 28. Qf7 Rxf5 29. gxf5 Qc5 30. Rd8 Ne2+ 31. Kh1 h6 32. Rxf8+ 1-0

[Event "Giugliano op 5th"]
[Site "Giugliano"]
[Date "2010.09.25"]
[Round "2"]
[White "Accardo, Francesco"]
[Black "Fezza, Davide"]
[Result "0-1"]
[WhiteElo "1870"]
[BlackElo "2090"]
[PlyCount "53"]
[EventDate "2010.09.24"]
[EventType "swiss"]
[EventRounds "5"]
[EventCountry "ITA"]
[SourceTitle "EXT 2024"]
[Source "ChessBase"]
[SourceDate "2023.10.10"]
[SourceVersion "1"]
[SourceVersionDate "2023.10.10"]
[SourceQuality "1"]

1. g4 e5 2. Bg2 d5 3. d4 e4 4. h3 Ne7 5. c4 c6 6. Nc3 b6 7. Qb3 Be6 8. Bg5 f6 9. Bf4 Ng6 10. Bg3 Bd6 11. cxd5 cxd5 12. Nxd5 Bxd5 13. Qe3 Bb4+ 14. Kf1 Qe7 15. h4 0-0 16. h5 Nh8 17. Nh3 Nf7 18. Nf4 Bb7 19. Rc1 Na6 20. a3 Bd6 21. b4 Rfc8 22. Rd1 Bxf4 23. Bxf4 Nc7 24. Bxc7 Rxc7 25. d5 Nd6 26. h6 g6 27. Bh3 0-1

[Event "Giugliano op 5th"]
[Site "Giugliano"]
[Date "2010.09.24"]
[Round "1"]
[White "Abbes, Rached"]
[Black "Accardo, Francesco"]
[Result "0-1"]
[WhiteElo "1494"]
[BlackElo "1870"]
[PlyCount "57"]
[EventDate "2010.09.24"]
[EventType "swiss"]
[EventRounds "5"]
[EventCountry "ITA"]
[SourceTitle "EXT 2024"]
[Source "ChessBase"]
[SourceDate "2023.10.10"]
[SourceVersion "1"]
[SourceVersionDate "2023.10.10"]
[SourceQuality "1"]

1. e4 a6 2. d4 b5 3. a3 Bb7 4. Nc3 e6 5. Nf3 Be7 6. g3 d6 7. Bg2 Nd7 8. 0-0 c5 9. Be3 h5 10. Qd2 h4 11. Ng5 cxd4 12. Qxd4 Bxg5 13. Bxg5 Qxg5 14. Qxd6 hxg3 15. fxg3 Qe5 16. Qd2 Ngf6 17. Rad1 Qc5+ 18. Rf2 0-0-0 19. Qe2 Ne5 20. Rxd8+ Rxd8 21. Kh1 Neg4 22. Rf3 Qh5 23. h3 Qh6 24. Rf4 Ne5 25. Rh4 Qg5 26. Kh2 Kb8 27. Bf3 Nxf3+ 28. Qxf3 Rd2+ 29. Ne2 0-1

[Event "Napoli Vomero Spring 7th"]
[Site "Napoli"]
[Date "2010.04.15"]
[Round "5"]
[White "Accardo, Francesco"]
[Black "Donadio, Andrea"]
[Result "0-1"]
[WhiteElo "1872"]
[BlackElo "1697"]
[PlyCount "40"]
[EventDate "2010.03.18"]
[EventType "swiss"]
[EventRounds "6"]
[EventCountry "ITA"]
[SourceTitle "EXT 2024"]
[Source "ChessBase"]
[SourceDate "2023.10.10"]
[SourceVersion "1"]
[SourceVersionDate "2023.10.10"]
[SourceQuality "1"]

1. g4 d5 2. Bg2 c6 3. h3 e5 4. d4 Nd7 5. Nf3 Bd6 6. Bg5 Qb6 7. 0-0 e4 8. Ne1 Qxb2 9. Nd2 Qxd4 10. c4 Qe5 11. f4 Qd4+ 12. Kh1 h5 13. Nc2 Qc3 14. Rb1 Nc5 15. e3 hxg4 16. Rb3 Nxb3 17. Nxe4 dxe4 18. Qxd6 f6 19. Rd1 Bf5 20. Kg1 gxh3 0-1

[Event "Napoli Vomero Winter 5th"]
[Site "Napoli"]
[Date "2010.01.28"]
[Round "3"]
[White "Accardo, Francesco"]
[Black "Sabia, Corrado"]
[Result "0-1"]
[WhiteElo "1872"]
[BlackElo "2176"]
[PlyCount "38"]
[EventDate "2010.01.14"]
[EventType "swiss"]
[EventRounds "7"]
[EventCountry "ITA"]
[SourceTitle "EXT 2024"]
[Source "ChessBase"]
[SourceDate "2023.10.10"]
[SourceVersion "1"]
[SourceVersionDate "2023.10.10"]
[SourceQuality "1"]

1. g4 d5 2. Bg2 c6 3. h3 e5 4. d4 Nd7 5. b3 Bb4+ 6. c3 Bd6 7. a4 Ne7 8. h4 Nf6 9. dxe5 Bxe5 10. Nf3 Bc7 11. g5 Ne4 12. Be3 Nf5 13. Qc1 Nxe3 14. Qxe3 0-0 15. 0-0 Qd6 16. Rd1 Bg4 17. Kf1 Rae8 18. Qxa7 b6 19. Qa6 Nc5 0-1

[Event "Napoli Vomero Natale op 5th"]
[Site "Napoli"]
[Date "2009.11.19"]
[Round "3"]
[White "Di Gennaro, Antonio"]
[Black "Accardo, Francesco"]
[Result "0-1"]
[WhiteElo "1700"]
[BlackElo "1869"]
[PlyCount "48"]
[EventDate "2009.11.05"]
[EventType "swiss"]
[EventRounds "7"]
[EventCountry "ITA"]
[SourceTitle "EXT 2012"]
[Source "ChessBase"]
[SourceDate "2011.11.24"]
[SourceVersion "1"]
[SourceVersionDate "2011.11.24"]
[SourceQuality "1"]

1. e4 c5 2. Nf3 a6 3. c4 e6 4. Nc3 d6 5. d4 Nd7 6. Bd3 h6 7. 0-0 g5 8. h3 Be7 9. Be3 h5 10. Nh2 cxd4 11. Bxd4 Ngf6 12. f4 gxf4 13. Bxf6 Bxf6 14. Rxf4 Be5 15. Rf3 Qb6+ 16. Kh1 Qxb2 17. Be2 Bxc3 18. Rb1 Qd2 19. Qf1 Be5 20. Rxf7 Bxh2 21. Rd1 Qg5 22. Kxh2 Rg8 23. Rf2 b6 24. Rxd6 Qe5+ 0-1

[Event "Napoli Vomero Natale op 5th"]
[Site "Napoli"]
[Date "2009.11.12"]
[Round "2"]
[White "Accardo, Francesco"]
[Black "Rosato, Luciano"]
[Result "0-1"]
[WhiteElo "1869"]
[BlackElo "2275"]
[PlyCount "50"]
[EventDate "2009.11.05"]
[EventType "swiss"]
[EventRounds "7"]
[EventCountry "ITA"]
[SourceTitle "EXT 2012"]
[Source "ChessBase"]
[SourceDate "2011.11.24"]
[SourceVersion "1"]
[SourceVersionDate "2011.11.24"]
[SourceQuality "1"]

1. b4 Nf6 2. c4 e6 3. b5 a6 4. a4 d5 5. Na3 axb5 6. cxb5 c5 7. Nf3 Bd6 8. Bb2 Nbd7 9. g4 e5 10. h3 0-0 11. Bg2 e4 12. Nh4 Nb6 13. a5 Rxa5 14. Bc3 Ra8 15. d3 exd3 16. exd3 d4 17. Bd2 Re8+ 18. Kf1 Nfd5 19. Nf5 Bxf5 20. gxf5 Qd7 21. Qg4 Nf6 22. Qf3 c4 23. dxc4 Nxc4 24. Bc1 Rxa3 25. Bxa3 Nd2+ 0-1

[Event "Napoli Vomero op 3rd"]
[Site "Napoli"]
[Date "2009.06.18"]
[Round "6"]
[White "Accardo, Francesco"]
[Black "De Rosa, Francesco"]
[Result "0-1"]
[WhiteElo "1854"]
[BlackElo "1968"]
[PlyCount "82"]
[EventDate "2009.05.07"]
[EventType "swiss"]
[EventRounds "6"]
[EventCountry "ITA"]
[SourceTitle "EXT 2011"]
[Source "ChessBase"]
[SourceDate "2010.11.26"]
[SourceVersion "1"]
[SourceVersionDate "2010.11.26"]
[SourceQuality "1"]

1. g4 e5 2. Bg2 d5 3. d4 e4 4. h3 Bd6 5. c4 c6 6. Nc3 Ne7 7. Bg5 f6 8. Bd2 Be6 9. g5 fxg5 10. Bxg5 0-0 11. h4 h6 12. Bd2 Nf5 13. Qa4 e3 14. fxe3 Ng3 15. 0-0-0 Nxh1 16. Bxh1 dxc4 17. d5 b5 18. Qc2 Bf5 19. e4 Bh7 20. Nf3 b4 21. Rg1 Bf4 22. e3 Bd6 23. Qd1 Nd7 24. Nd4 bxc3 25. Bxc3 Be5 26. Ne6 Qf6 27. Bd4 c5 28. Rxg7+ Kh8 29. Rxd7 cxd4 30. exd4 Bf4+ 31. Kc2 Rfd8 32. Nxd8 Rxd8 33. Rxa7 Qxh4 34. Kc3 Rc8 35. e5 Qf2 36. d6 Bd3 37. d7 Rd8 38. b3 Bxe5 39. Qg4 Qc2+ 40. Kb4 Bd6+ 41. Kb5 cxb3+ 0-1

[Event "Napoli Vomero Primavera op 6th"]
[Site "Napoli"]
[Date "2009.04.23"]
[Round "7"]
[White "La Gatta, Giovanni"]
[Black "Accardo, Francesco"]
[Result "1-0"]
[WhiteElo "2136"]
[BlackElo "1861"]
[PlyCount "67"]
[EventDate "2009.03.12"]
[EventType "swiss"]
[EventRounds "7"]
[EventCountry "ITA"]
[SourceTitle "EXT 2011"]
[Source "ChessBase"]
[SourceDate "2010.11.26"]
[SourceVersion "1"]
[SourceVersionDate "2010.11.26"]
[SourceQuality "1"]

1. d4 b5 2. e4 Bb7 3. Bd3 e6 4. Nf3 c5 5. dxc5 Bxc5 6. Nbd2 a6 7. Qe2 Nc6 8. Nb3 Be7 9. c3 Nf6 10. 0-0 h6 11. a4 b4 12. e5 Nh7 13. Rd1 Qc7 14. Bf4 Ng5 15. Nxg5 hxg5 16. Bg3 d6 17. exd6 Bxd6 18. Nc5 Bxg3 19. hxg3 Bc8 20. cxb4 Nxb4 21. Be4 Rb8 22. Rac1 Qe7 23. Nd3 0-0 24. Ne5 Qf6 25. Rc7 Nd5 26. Bxd5 exd5 27. Nc6 Be6 28. Nxb8 Rxb8 29. Rc2 Bf5 30. Rcd2 g4 31. Rxd5 Be6 32. R5d2 g6 33. Qxa6 Kg7 34. Qd6 1-0

[Event "Napoli Vomero Primavera op 6th"]
[Site "Napoli"]
[Date "2009.03.26"]
[Round "3"]
[White "Accardo, Francesco"]
[Black "Ficco, Corrado"]
[Result "0-1"]
[WhiteElo "1861"]
[BlackElo "2154"]
[PlyCount "62"]
[EventDate "2009.03.12"]
[EventType "swiss"]
[EventRounds "7"]
[EventCountry "ITA"]
[SourceTitle "EXT 2011"]
[Source "ChessBase"]
[SourceDate "2010.11.26"]
[SourceVersion "1"]
[SourceVersionDate "2010.11.26"]
[SourceQuality "1"]

1. g4 d5 2. Bg2 e5 3. d4 e4 4. g5 c6 5. h4 h6 6. c4 hxg5 7. Nh3 gxh4 8. Nc3 Nf6 9. Bg5 Bb4 10. Nf4 h3 11. Nxh3 Qa5 12. Qc2 Bxh3 13. Bxh3 Nbd7 14. Bxd7+ Kxd7 15. 0-0-0 Bxc3 16. bxc3 Rae8 17. Kb1 Rxh1 18. Rxh1 dxc4 19. Rg1 Nd5 20. Bd2 g6 21. Ka1 e3 22. fxe3 Nxe3 23. Qb2 Qb5 24. Qc1 Nf5 25. Re1 Ng3 26. Qa3 Qa6 27. Qb4 Qb5 28. Qa3 a5 29. Bf4 Ne4 30. Rb1 Qa6 31. Qb2 Kc8 0-1

[Event "Napoli Vomero Inverno op 4th"]
[Site "Napoli"]
[Date "2009.01.15"]
[Round "2"]
[White "Rosato, Luciano"]
[Black "Accardo, Francesco"]
[Result "1-0"]
[WhiteElo "2267"]
[BlackElo "1861"]
[PlyCount "59"]
[EventDate "2009.01.08"]
[EventType "swiss"]
[EventRounds "7"]
[EventCountry "ITA"]
[SourceTitle "EXT 2011"]
[Source "ChessBase"]
[SourceDate "2010.11.26"]
[SourceVersion "1"]
[SourceVersionDate "2010.11.26"]
[SourceQuality "1"]

1. Nf3 b6 2. e4 Bb7 3. Nc3 e6 4. d4 Be7 5. Bd3 d6 6. 0-0 Nd7 7. Re1 h5 8. d5 e5 9. Ne2 h4 10. c4 a5 11. a3 g5 12. Be3 Nh6 13. b4 Ng4 14. Bd2 Nxf2 15. Kxf2 g4 16. Nfg1 g3+ 17. hxg3 Bg5 18. Nf3 hxg3+ 19. Nxg3 Bf4 20. Rh1 Rg8 21. Nf5 Qf6 22. g3 Qg6 23. Rg1 Bxd2 24. Qxd2 Nf6 25. c5 Bc8 26. N3h4 Qg4 27. Nh6 Qg5 28. Qxg5 Rxg5 29. cxd6 cxd6 30. N6f5 1-0